Piłkarska kariera Jensa Lehmanna. - Statystyki

Ogólne statystyki
  • Ten quiz został rozwiązany 44 razy
  • Średni wynik to 3 z 6
Statystyki odpowiedzi
Lata Drużyna % Poprawnych
2003-2008 Arsenal
92%
2011-2011 Arsenal
92%
1999-2003 Borussia Dortmund
61%
1988-1998 Schalke
42%
2008-2010 Stuttgart
28%
1998-1999 Milan
14%
Nie znaleziono quizów pasujących do podanych kryteriów
Rozkład punktacji
Procent ludzi z każdym wynikiem
Percentyl według liczby udzielonych odpowiedzi
Twoja historia wyników
Nie rozwiązałeś tego quizu